| 000 | 00606nam a22001937a 4500 | ||
|---|---|---|---|
| 005 | 20160922150138.0 | ||
| 010 | _aENG-116079 | ||
| 020 |
_a9788179104989 _c400.00 |
||
| 035 | _aEN-99611 | ||
| 037 | _bDBAD/PUB | ||
| 082 | _a635.0485 | ||
| 100 | _aJana,B.L. | ||
| 245 |
_aHydroponics soilless gardening / _cby B.L.Jana |
||
| 260 |
_aJaipur _bAavishkar Publishers,Distributors _c2015 |
||
| 270 |
_a807,Vyas Building,Chaura Rasta _bJaipur (Raj.) _e302003 |
||
| 300 |
_aix,184p. _c22cm(Hb) |
||
| 500 | _aIncludes bibliographical references and index | ||
| 942 |
_2ddc _cEN _h631.521 _mJAN |
||
| 999 |
_c103567 _d103567 |
||